| 000 | 00382 a2200157 4500 | ||
|---|---|---|---|
| 020 | _a9695190359 | ||
| 082 | _a297.09045 | ||
| 090 |
_c6070 _d6070 |
||
| 100 | _aPasquier,Roger Du. | ||
| 245 |
_aUnveiling Islam. _cRoger Du Pasquier. |
||
| 250 | _a1st. | ||
| 260 |
_aLahore. _bSuhail Academy. _c2001. |
||
| 300 | _a157p. | ||
| 500 | _aHardcover. | ||
| 942 |
_aNBS _cBK _k297.09045 PAS |
||
| 999 |
_c348456 _d348456 |
||